<?xml version="1.0" encoding="UTF-8"?>
<record
    xmlns:xsi="http://www.w3.org/2001/XMLSchema-instance"
    xsi:schemaLocation="http://www.loc.gov/MARC21/slim http://www.loc.gov/standards/marcxml/schema/MARC21slim.xsd"
    xmlns="http://www.loc.gov/MARC21/slim">

  <leader>00718nam a22001217a 4500</leader>
  <datafield tag="040" ind1=" " ind2=" ">
    <subfield code="c">RUA </subfield>
  </datafield>
  <datafield tag="100" ind1=" " ind2=" ">
    <subfield code="a">SOK KIMHENG,&#x179F;&#x17BB;&#x1781; &#x1782;&#x17B9;&#x1798;&#x17A0;&#x17C1;&#x1784;</subfield>
  </datafield>
  <datafield tag="245" ind1=" " ind2=" ">
    <subfield code="a">EFFECTIVENESS OF DIFFERENT SEED RATES AND WEED CONTROL ON PHKA RUMDUOL GRAIN YIELD,&#x1794;&#x17D2;&#x179A;&#x179F;&#x17B7;&#x1791;&#x17D2;&#x1792;&#x1797;&#x17B6;&#x1796;&#x1793;&#x17C3;&#x1794;&#x179A;&#x17B7;&#x1798;&#x17B6;&#x178E;&#x1782;&#x17D2;&#x179A;&#x17B6;&#x1794;&#x17CB;&#x1796;&#x17BC;&#x1787;&#x179F;&#x17D2;&#x179A;&#x17BC;&#x179C;&#x200B;&#x178A;&#x17B6;&#x17C6;&#x178A;&#x17BB;&#x17C7;&#x1780;&#x1798;&#x17D2;&#x179A;&#x17B7;&#x178F;&#x1795;&#x17D2;&#x179F;&#x17C1;&#x1784;&#x17D7;&#x1782;&#x17D2;&#x1793;&#x17B6;&#x1793;&#x17B7;&#x1784;&#x1780;&#x17B6;&#x179A;&#x1780;&#x1798;&#x17D2;&#x1785;&#x17B6;&#x178F;&#x17CB;&#x179F;&#x17D2;&#x1798;&#x17C5;&#x179B;&#x17BE;&#x1791;&#x17B7;&#x1793;&#x17D2;&#x1793;&#x1795;&#x179B;&#x179F;&#x17D2;&#x179A;&#x17BC;&#x179C;&#x1795;&#x17D2;&#x1780;&#x17B6;&#x179A;&#x17C6;&#x178A;&#x17BD;&#x179B;</subfield>
  </datafield>
  <datafield tag="260" ind1=" " ind2=" ">
    <subfield code="a">PHMOM PENH </subfield>
    <subfield code="b">RUA </subfield>
    <subfield code="c">2019</subfield>
  </datafield>
  <datafield tag="300" ind1=" " ind2=" ">
    <subfield code="a">ill,</subfield>
    <subfield code="b">xii,45p,</subfield>
    <subfield code="c">29cm,</subfield>
  </datafield>
  <datafield tag="856" ind1=" " ind2=" ">
    <subfield code="u">https://drive.google.com/file/d/1lxjfNtS6jYlvpnrZvk0dtSgv6Q-sJPlj/view?usp=sharing</subfield>
  </datafield>
  <datafield tag="942" ind1=" " ind2=" ">
    <subfield code="c">AGE</subfield>
  </datafield>
  <datafield tag="999" ind1=" " ind2=" ">
    <subfield code="c">20237</subfield>
    <subfield code="d">20237</subfield>
  </datafield>
  <datafield tag="952" ind1=" " ind2=" ">
    <subfield code="0">0</subfield>
    <subfield code="1">0</subfield>
    <subfield code="2">ddc</subfield>
    <subfield code="4">0</subfield>
    <subfield code="6">AGE_SOK_2019_000000000000000_B659_OR</subfield>
    <subfield code="7">0</subfield>
    <subfield code="9">90142</subfield>
    <subfield code="a">LBB</subfield>
    <subfield code="b">LBB</subfield>
    <subfield code="c">B659</subfield>
    <subfield code="d">2022-08-08</subfield>
    <subfield code="o">AGE SOK 2019 B659 Or.</subfield>
    <subfield code="p">A069214</subfield>
    <subfield code="r">2022-08-08</subfield>
    <subfield code="w">2022-08-08</subfield>
    <subfield code="y">AGE</subfield>
  </datafield>
  <datafield tag="952" ind1=" " ind2=" ">
    <subfield code="0">0</subfield>
    <subfield code="1">0</subfield>
    <subfield code="2">ddc</subfield>
    <subfield code="4">0</subfield>
    <subfield code="6">AGE_SOK_2019_000000000000000_B659_OR</subfield>
    <subfield code="7">0</subfield>
    <subfield code="9">90143</subfield>
    <subfield code="a">LBB</subfield>
    <subfield code="b">LBB</subfield>
    <subfield code="c">B659</subfield>
    <subfield code="d">2022-08-08</subfield>
    <subfield code="l">1</subfield>
    <subfield code="o">AGE SOK 2019 B659 Or.</subfield>
    <subfield code="p">A069334</subfield>
    <subfield code="r">2023-03-17</subfield>
    <subfield code="s">2023-02-15</subfield>
    <subfield code="w">2022-08-08</subfield>
    <subfield code="y">AGE</subfield>
  </datafield>
  <datafield tag="952" ind1=" " ind2=" ">
    <subfield code="0">0</subfield>
    <subfield code="1">0</subfield>
    <subfield code="2">ddc</subfield>
    <subfield code="4">0</subfield>
    <subfield code="6">AGE_SOK_2019_000000000000000_B659_OR</subfield>
    <subfield code="7">0</subfield>
    <subfield code="9">90144</subfield>
    <subfield code="a">LBB</subfield>
    <subfield code="b">LBB</subfield>
    <subfield code="c">B659</subfield>
    <subfield code="d">2022-08-08</subfield>
    <subfield code="o">AGE SOK 2019 B659 Or.</subfield>
    <subfield code="p">A069346</subfield>
    <subfield code="r">2022-08-08</subfield>
    <subfield code="w">2022-08-08</subfield>
    <subfield code="y">AGE</subfield>
  </datafield>
  <datafield tag="952" ind1=" " ind2=" ">
    <subfield code="0">0</subfield>
    <subfield code="1">0</subfield>
    <subfield code="2">ddc</subfield>
    <subfield code="4">0</subfield>
    <subfield code="6">AGE_SOK_2019_000000000000000_B659_OR</subfield>
    <subfield code="7">0</subfield>
    <subfield code="9">90145</subfield>
    <subfield code="a">LBB</subfield>
    <subfield code="b">LBB</subfield>
    <subfield code="c">B659</subfield>
    <subfield code="d">2022-08-08</subfield>
    <subfield code="o">AGE SOK 2019 B659 Or.</subfield>
    <subfield code="p">A069183</subfield>
    <subfield code="r">2022-08-08</subfield>
    <subfield code="w">2022-08-08</subfield>
    <subfield code="y">AGE</subfield>
  </datafield>
  <datafield tag="952" ind1=" " ind2=" ">
    <subfield code="0">0</subfield>
    <subfield code="1">0</subfield>
    <subfield code="2">ddc</subfield>
    <subfield code="4">0</subfield>
    <subfield code="6">AGE_SOK_2019_000000000000000_B659_OR</subfield>
    <subfield code="7">0</subfield>
    <subfield code="9">90146</subfield>
    <subfield code="a">LBB</subfield>
    <subfield code="b">LBB</subfield>
    <subfield code="c">B659</subfield>
    <subfield code="d">2022-08-08</subfield>
    <subfield code="o">AGE SOK 2019 B659 Or.</subfield>
    <subfield code="p">A069422</subfield>
    <subfield code="r">2022-08-08</subfield>
    <subfield code="w">2022-08-08</subfield>
    <subfield code="y">AGE</subfield>
  </datafield>
</record>
